000 00850nam a2200325Ia 4500
001 23375
003 IT-RoPAU
008 130308s9999 xx 000 0 und d
040 _aIT-RoPAU
040 _cIT-RoPAU
041 _aINGLESE
100 _aEaton Mick
100 _gCodice Aut. SPICS: 6965
245 _aTechnology (Eaton/Maccabe)
245 _bGodard: Images, Sounds, Politics
250 _a1a ed.
260 _aLONDON
260 _bMacmillan
260 _c1983 [1° Ed.:1980 - Ed.Ling.Originale:1980]
300 _a"32 p. (prefazione: no ; testo: 32 [pagine: 105-137])"
500 _aTecnologia nel Cinema
650 _aAUTORI/OPERE DEL CINEMA
650 _eCodice materia Spics: 6807
700 _aMaccabe Colin
700 _gCodice Aut. SPICS: 6958
942 _cBK
957 _71
999 _c53227
_d53227
999 _bSI
999 _g1